The all England law reports 1937 (Record no. 396318)

MARC details
000 -LEADER
fixed length control field 00511nam a2200181Ia 4500
008 - FIXED-LENGTH DATA ELEMENTS--GENERAL INFORMATION
fixed length control field 191130s1937##################000#0#eng##
020 ## - INTERNATIONAL STANDARD BOOK NUMBER
ISBN 9780406850065
082 ## - DEWEY DECIMAL CLASSIFICATION NUMBER
Classification number 348.4204 BUR
245 ## - TITLE STATEMENT
Title The all England law reports 1937
Statement of responsibility, etc edited by Roland Burrows
260 ## - PUBLICATION, DISTRIBUTION, ETC. (IMPRINT)
Place of publication London
Name of publisher Butterworth & Co
Year of publication 1937
300 ## - PHYSICAL DESCRIPTION
Number of Pages 856 p.; 23 cm.
650 ## - SUBJECT ADDED ENTRY--TOPICAL TERM
Topical Term Law- Reports
700 ## - ADDED ENTRY--PERSONAL NAME
Personal name Burrows, Roland
991 ## -
-- 379406

No items available.

Find us on the map